<?xml version="1.0" encoding="UTF-8"?>
<record
    xmlns:xsi="http://www.w3.org/2001/XMLSchema-instance"
    xsi:schemaLocation="http://www.loc.gov/MARC21/slim http://www.loc.gov/standards/marcxml/schema/MARC21slim.xsd"
    xmlns="http://www.loc.gov/MARC21/slim">

  <leader>01827cam a22002058i 4500</leader>
  <datafield tag="999" ind1=" " ind2=" ">
    <subfield code="c">37625</subfield>
    <subfield code="d">37625</subfield>
  </datafield>
  <datafield tag="020" ind1=" " ind2=" ">
    <subfield code="a">9780000989994</subfield>
  </datafield>
  <datafield tag="041" ind1=" " ind2=" ">
    <subfield code="a">English.</subfield>
  </datafield>
  <datafield tag="082" ind1="0" ind2="0">
    <subfield code="a">327.51054</subfield>
    <subfield code="b">SUR-E</subfield>
  </datafield>
  <datafield tag="100" ind1="1" ind2=" ">
    <subfield code="a">Suryanarayana, P. S.</subfield>
    <subfield code="e">author.</subfield>
    <subfield code="q">(Pisupati Sadasiva),</subfield>
  </datafield>
  <datafield tag="245" ind1="1" ind2="4">
    <subfield code="a">The elusive tipping point :</subfield>
    <subfield code="b">China-India ties for a new order /</subfield>
    <subfield code="c">P. S. Suryanarayana.</subfield>
  </datafield>
  <datafield tag="250" ind1=" " ind2=" ">
    <subfield code="a">First Edition.</subfield>
  </datafield>
  <datafield tag="260" ind1=" " ind2=" ">
    <subfield code="a">Singapore :</subfield>
    <subfield code="b">World Scientific,</subfield>
    <subfield code="c">2021.</subfield>
  </datafield>
  <datafield tag="300" ind1=" " ind2=" ">
    <subfield code="a">xxiii, 247p.</subfield>
  </datafield>
  <datafield tag="504" ind1=" " ind2=" ">
    <subfield code="a">Includes bibliographical references and index.</subfield>
  </datafield>
  <datafield tag="520" ind1=" " ind2=" ">
    <subfield code="a">"The Elusive Tipping Point: China-India Ties for a New Order is a timely foreign-policy-relevant book. This insightful book delves deep into the reasons for frequent diplomatic and strategic crises between Asia's two dynamic ancient civilisations with post-modern capabilities. Set in the context of seventieth anniversary of China-India diplomacy, the spotlight is turned on their complex search for neighbourliness and global good. Often a mirage, the positive tipping point in their state-to-state relations is traced through the past, the present and the potential future. A controversial missed opportunity in the past and a collective-win approach for the present are explored. For Beijing and Delhi, imaginative all-weather dialogue is the best option if they wish to stabilise their engagement for the uncertain future. Despite a deadly clash between their soldiers in June 2020, the two Himalayan neighbours have the opportunity to sustain their summit-level "informal meetings". Conceivable, too, are other avenues of China-India dialogue in a world already shattered by a pandemic called the novel coronavirus disease (COVID). Post-COVID choices beckon"--</subfield>
  </datafield>
  <datafield tag="546" ind1=" " ind2=" ">
    <subfield code="a">English.</subfield>
  </datafield>
  <datafield tag="650" ind1=" " ind2=" ">
    <subfield code="a">China</subfield>
    <subfield code="x">Foreign relations</subfield>
    <subfield code="z">India.</subfield>
  </datafield>
  <datafield tag="650" ind1=" " ind2=" ">
    <subfield code="a">India</subfield>
    <subfield code="v">21st century</subfield>
    <subfield code="x">Foreign relations.</subfield>
  </datafield>
  <datafield tag="942" ind1=" " ind2=" ">
    <subfield code="2">ddc</subfield>
    <subfield code="c">BK</subfield>
  </datafield>
  <datafield tag="952" ind1=" " ind2=" ">
    <subfield code="0">0</subfield>
    <subfield code="1">0</subfield>
    <subfield code="4">0</subfield>
    <subfield code="7">0</subfield>
    <subfield code="a">NASSDOC</subfield>
    <subfield code="b">NASSDOC</subfield>
    <subfield code="d">2023-03-16</subfield>
    <subfield code="e">Overseas</subfield>
    <subfield code="g">0.00</subfield>
    <subfield code="l">0</subfield>
    <subfield code="o">327.51054 SUR-E</subfield>
    <subfield code="p">53220</subfield>
    <subfield code="r">2023-05-04 00:00:00</subfield>
    <subfield code="v">0.00</subfield>
    <subfield code="w">2023-05-04</subfield>
    <subfield code="y">BK</subfield>
  </datafield>
</record>
